000
00277nam a22001217a 4500
008
170905b xxu||||| |||| 00| 0 eng d
041
_a
eng
080
_a
070
100
_a
40
101
_a
MED
245
_a
READING IN AN AGE OF MASS COMMUNICATION
_c
GRAY,W.S
942
_2
udc
_c
BK
999
_c
26206
_d
26206